Diseño e implementación de herramientas para el mejoramiento de la gestión del Departamento de Servicio al Cliente de Aerocasillas S.A
Gardado en:
| Autor Principal: | |
|---|---|
| Outros autores: | |
| Formato: | Libro |
| Publicado: |
San José, C.R
2002
|
| Materias: | |
| Etiquetas: |
Engadir etiqueta
Sen Etiquetas, Sexa o primeiro en etiquetar este rexistro!
|
MARC
| LEADER | 00000nam a2200000Ia 4500 | ||
|---|---|---|---|
| 003 | 009141 | ||
| 005 | 20221231144148.0 | ||
| 008 | 140114s2002 cr a m 000 ||s d | ||
| 040 | |c cru CEDI | ||
| 090 | |a TFG 4682 | ||
| 100 | |a Zuleta Arango, René |9 7043 | ||
| 245 | |a Diseño e implementación de herramientas para el mejoramiento de la gestión del Departamento de Servicio al Cliente de Aerocasillas S.A | ||
| 260 | |c 2002 |a San José, C.R | ||
| 300 | |a ix, 114 [52] hojas : ilustraciones | ||
| 500 | |a Proyecto de graduación (licenciatura en Ingeniería Industrial)--Universidad de Costa Rica. Facultad de Ingeniería. Escuela de Ingeniería Industrial | ||
| 650 | |x AEROCASILLAS (COSTA RICA) |x SATISFACCION DEL CLIENTE |x GESTION EMPRESARIAL |x SERVICIO AL CLIENTE |x EMPRESAS DE SERVICIOS |x SISTEMAS DE COMUNICACION |x SISTEMAS DE INFORMACION |x DISEÑO |x SERVICIO POSTAL |x COSTA RICA |9 7047 | ||
| 700 | |9 7046 |a Faingezicht Lerner, Gil | ||
| 942 | |c TFG | ||
| 999 | |c 17799 |d 17799 | ||
